| 000 | 00736nam a2200241 a 4500 | ||
|---|---|---|---|
| 005 | 20210219153359.0 | ||
| 008 | 991125n 000 0 u | ||
| 035 | _aUPN01000095384 | ||
| 100 | _aReese, Gail M. | ||
| 222 | _aEDUCATION AND TRAINING IN MENTAL RETARDATION | ||
| 245 | _aPutting on and removing coats and jackets : the acquisition and maintenance of skills by children with severe multiple disabilities | ||
| 300 | _a398-410 | ||
| 362 | _a26, No. 4, 1991 | ||
| 505 | _aJunio 1992 | ||
| 653 | 0 | _aMETODOS DE ADIESTRAMIENTO | |
| 653 | 0 | _aPUNTUALIDAD | |
| 653 | 0 | _aROPA | |
| 653 | 0 | _aSELF CARE SKILLS | |
| 653 | 0 | _aSEVERE DISABILITIES | |
| 700 | _aSnell, Martha E. | ||
| 904 |
_aAC _b033195 |
||
| 905 | _aArticulo | ||
| 999 |
_c75473 _d75473 |
||